| 000 | 00734nam a2200205Ii 4500 | ||
|---|---|---|---|
| 003 | JO-AjNU | ||
| 008 | 230605s9999||||xx |||||||||||||| ||und|| | ||
| 017 | _a2011/5/1854 | ||
| 040 |
_aJO-AjNU _bara _erda _cJO-AjNU |
||
| 041 | _aara | ||
| 050 | 1 | 4 | _aPJ7519.D85 2011 |
| 100 | 3 |
_aالضمور، عماد, _eauthor _949964 |
|
| 245 | 0 | 0 | _aالإبداع المكاني في الشعر الآردني: دراسة في نماذج مختارة |
| 264 | 3 | 1 | _aعمان: أمانة عمان الكبرى، 2011 |
| 300 | _a176ص | ||
| 336 |
_atext _btxt _2rdacontent |
||
| 337 |
_aunmediated _bn _2rdamedia |
||
| 338 |
_avolume _bnc _2rdacarrier |
||
| 650 | 4 |
_aالشعر العربي - الاردن - تاريخ ونقد - قرن 20 _949965 |
|
| 999 |
_aA21979 _c25547 _d25547 |
||